[Event "GER-ch 2012-E-V7 serv"]
[Site "GER email"]
[Date "2012.10.04"]
[Round "?"]
[White "Kostner, Wolfgang"]
[Black "Lehnhoff, Heinz Georg"]
[Result "1/2-1/2"]
[WhiteElo "1910"]
[BlackElo "2040"]
[PlyCount "55"]
[EventDate "2012.10.08"]
[EventType "tourn (corr)"]
[EventRounds "6"]
[EventCountry "GER"]
[SourceTitle "Corr 2015"]
[Source "ChessBase"]
[SourceDate "2015.07.17"]
[SourceVersion "1"]
[SourceVersionDate "2015.07.17"]
[SourceQuality "1"]

1. Nf3 d5 2. g3 Nf6 3. Bg2 c6 4. 0-0 Bg4 5. d3 Nbd7 6. h3 Bh5 7. c4 dxc4 8. dxc4 e5 9. Be3 Qc7 10. Nc3 Be7 11. Nh4 0-0 12. Qc2 Nc5 13. Rfd1 Rfd8 14. Rxd8+ Rxd8 15. Rd1 a5 16. Rxd8+ Qxd8 17. a3 Nfd7 18. Nf5 Bf8 19. Qd2 Qc7 20. g4 Bg6 21. Nh4 Ne6 22. Nxg6 hxg6 23. Qc2 Nd4 24. Qd1 Qd6 25. Bd2 f5 26. h4 Be7 27. e3 Nb3 28. Qxb3 1/2-1/2

[Event "GER HS-121 email"]
[Site "GER email"]
[Date "2012.04.22"]
[Round "?"]
[White "Bocker, Marcus"]
[Black "Kostner, Wolfgang"]
[Result "0-1"]
[WhiteElo "1531"]
[BlackElo "1966"]
[PlyCount "48"]
[EventDate "2012.05.04"]
[EventType "tourn (corr)"]
[EventRounds "6"]
[EventCountry "GER"]
[SourceTitle "Corr 2015"]
[Source "ChessBase"]
[SourceDate "2015.07.17"]
[SourceVersion "1"]
[SourceVersionDate "2015.07.17"]
[SourceQuality "1"]

1. e4 d5 2. e5 c5 3. f4 Nc6 4. Nf3 Nh6 5. Bb5 Bd7 6. 0-0 Nxe5 7. Bxd7+ Nxd7 8. Nc3 e6 9. d3 Be7 10. f5 Nxf5 11. Bf4 g5 12. Be5 Rg8 13. a4 g4 14. Nb5 gxf3 15. d4 Nxe5 16. dxe5 a6 17. Qxf3 axb5 18. axb5 Rxa1 19. Rxa1 Nh4 20. Qh5 Rxg2+ 21. Kf1 c4 22. Qxh7 Qb6 23. Ra8+ Kd7 24. Qxf7 Qg1# 0-1

[Event "GER-ch67 V06 email"]
[Site "GER email"]
[Date "2012.01.22"]
[Round "?"]
[White "Koch, Hans Georg"]
[Black "Kostner, Wolfgang"]
[Result "1-0"]
[WhiteElo "2142"]
[BlackElo "1945"]
[PlyCount "59"]
[EventDate "2012.01.30"]
[EventType "tourn (corr)"]
[EventRounds "6"]
[EventCountry "GER"]
[SourceTitle "Corr 2015"]
[Source "ChessBase"]
[SourceDate "2015.07.17"]
[SourceVersion "1"]
[SourceVersionDate "2015.07.17"]
[SourceQuality "1"]

1. e4 d5 2. exd5 Qxd5 3. Nc3 Qd6 4. d4 a6 5. Nf3 Nf6 6. g3 Bg4 7. Bg2 Nc6 8. h3 Bh5 9. Be3 0-0-0 10. 0-0 e6 11. a3 Nd5 12. Nxd5 exd5 13. b4 f6 14. Qd2 g5 15. Ne1 Ne7 16. Nd3 Nf5 17. Nc5 Re8 18. Rfe1 Qd8 19. b5 Nxe3 20. fxe3 Bxc5 21. dxc5 Re6 22. g4 Bg6 23. Bxd5 Re5 24. Rad1 c6 25. bxc6 bxc6 26. Qe2 Qc7 27. Bc4 Qa5 28. Rd4 Rd8 29. Bxa6+ Kc7 30. Rb4 1-0

[Event "GER-ch67 V06 email"]
[Site "GER email"]
[Date "2012.01.22"]
[Round "?"]
[White "Kostner, Wolfgang"]
[Black "Hinz, Horst"]
[Result "0-1"]
[WhiteElo "1945"]
[BlackElo "2150"]
[PlyCount "104"]
[EventDate "2012.01.30"]
[EventType "tourn (corr)"]
[EventRounds "6"]
[EventCountry "GER"]
[SourceTitle "Corr 2015"]
[Source "ChessBase"]
[SourceDate "2015.07.17"]
[SourceVersion "1"]
[SourceVersionDate "2015.07.17"]
[SourceQuality "1"]

1. e4 e5 2. f4 exf4 3. Nf3 g5 4. h4 g4 5. Ne5 Qe7 6. d4 d6 7. Nxg4 Qxe4+ 8. Qe2 Qe7 9. Qxe7+ Bxe7 10. Be2 h5 11. Nf2 Nh6 12. Bxf4 Nf5 13. d5 Nxh4 14. Rh2 Ng6 15. Be3 h4 16. Nc3 a6 17. 0-0-0 Nd7 18. Rf1 Nde5 19. Bd2 Kf8 20. Nfd1 Ng4 21. Bxg4 Bxg4 22. Ne3 Bd7 23. Nf5 Bxf5 24. Rxf5 Kg7 25. Rh1 Rag8 26. Rhf1 Ne5 27. Bf4 f6 28. Bd2 Kf7 29. R5f2 Rh5 30. b3 Nd7 31. Bf4 b5 32. a3 Nb6 33. Rd1 Bf8 34. Be3 Rg4 35. Rd3 Bg7 36. Kd2 Re5 37. Re2 f5 38. Ke1 Re8 39. Nd1 Rge4 40. Rdd2 Nc8 41. Kf1 Bf6 42. Bf2 Ne7 43. Re1 Rg4 44. Rd3 Reg8 45. Ne3 R4g6 46. c4 f4 47. Nc2 bxc4 48. bxc4 Rxg2 49. Rh3 R2g4 50. Rd1 Kg6 51. Nb4 Nf5 52. Rf3 Ng3+ 0-1